[Event "FRA-ch U16"]
[Site "Agen"]
[Date "2021.10.25"]
[Round "2"]
[White "Lamaze, Simon"]
[Black "Ravail, Nathan"]
[Result "1-0"]
[WhiteElo "2349"]
[BlackElo "1937"]
[PlyCount "81"]
[EventDate "2021.10.22"]
[EventType "swiss"]
[EventRounds "9"]
[EventCountry "FRA"]
[SourceTitle "EXT 2023"]
[Source "ChessBase"]
[SourceDate "2022.10.05"]
[SourceVersion "1"]
[SourceVersionDate "2022.10.05"]
[SourceQuality "1"]

1. d4 Nf6 2. c4 c5 3. d5 e6 4. g3 exd5 5. cxd5 d6 6. Nc3 g6 7. Bg2 Bg7 8. Nf3 0-0 9. 0-0 a6 10. a4 Nbd7 11. Bf4 Qc7 12. Rc1 Ng4 13. b4 c4 14. a5 b5 15. axb6 Nxb6 16. h3 Nf6 17. Nd4 Re8 18. Nc6 Bf5 19. Nd4 Be4 20. Nxe4 Nxe4 21. Bxe4 Rxe4 22. Nc6 Rae8 23. e3 c3 24. Qd3 h6 25. f3 Rc4 26. e4 g5 27. Be3 Rc8 28. Kg2 Rxc6 29. dxc6 Qxc6 30. Bd4 Bxd4 31. Qxd4 Na4 32. Rf2 Qc4 33. Qxd6 Nb2 34. Rfc2 Nd3 35. Rxc3 Qa2+ 36. R1c2 Ne1+ 37. Kf1 Nxc2 38. Rxc8+ Kh7 39. Qd2 Qb1+ 40. Kf2 Nxb4 41. Qc3 1-0